Sbírka příkladů z podvojného účetnictví /

Hlavní autor: Kubíčková, Dana, 1954-
Jazyk: Čeština
Vydáno: Praha : Vysoká škola finanční a správní, 2003
Vydání: 1. vyd.
Témata:
Externí odkaz: Digitalizovaný dokument
Fyzický popis: 153 s. : il. ; 29 cm
Knihy
Uloženo v:
LEADER 01232nam a2200325 a 4500
001 000691268
003 CZ BrMZK
005 20070726074632.0
007 ta
008 031009s2003 xr a e p 000 0 cze d
015 |a cnb001254367 
020 |a 80-86754-03-0  |q (brož.) 
035 |a (OCoLC)56868805 
040 |a BOA001  |b cze 
072 7 |a 657  |x Účetnictví  |2 Konspekt  |9 4 
072 7 |a 37.016  |x Učební osnovy. Vyučovací předměty. Učebnice  |2 Konspekt  |9 22 
080 |a 657.12  |2 MRF 
080 |a (075.8)  |2 MRF 
100 1 |a Kubíčková, Dana,  |d 1954-  |7 mzk2003190511  |4 aut 
245 1 0 |a Sbírka příkladů z podvojného účetnictví /  |c Dana Kubíčková 
250 |a 1. vyd. 
260 |a Praha :  |b Vysoká škola finanční a správní,  |c 2003 
300 |a 153 s. :  |b il. ;  |c 29 cm 
504 |a Obsahuje bibliografii 
650 0 7 |a podvojné účetnictví  |7 ph115767  |x úlohy  |2 czenas 
655 7 |a učebnice vysokých škol  |7 fd133772  |2 czenas 
856 4 1 |u http://www.digitalniknihovna.cz/mzk/uuid/uuid:f2dd3080-ce94-11e2-8f90-005056827e51  |y Digitalizovaný dokument  |x NDK 
910 |a BOA001  |b 3-1123.652 
990 |a BK 
996 6 |b 2610200084  |c 3-1123.652  |l MZK  |r Sklad / do 1 hodiny  |n 0  |p p.v.  |w 000691268  |u 000010  |a 1  |e BOA001  |j MZK50  |s P